01087nam a2200193Ia 4500001001000000003001000010008004100020040002500061041001400086100001900100245005400119250001100173260008900184300002700273500021900300501011400519520021900633650004100852L149-1035IT-CnALBA170116s9999||||xx |||||||||||||| ||und|| aIT-CnALBAcIT-CnALBA aFRANCESE  aEYMIEU ANTONIN 0aGOUVERNEMENT (LE) DE SOI-MEME. LA LOI DE LA VIE.  a5a ed. a PARIS.bPERRIN LIBRAIRIE ACADEMIQUE c1930 [1° Ed.:1930 - Ed.Ling.Originale: 1930] a322 p. (prefazione: 8) aBIBLIOTECA CAN. CHIESA. LA LEGGE DEL BENE. PIACERE E BESTIA. PIACERE E L'UOMO. IL PIACERE E LA SPECIE UMANA. LA LEGGE DELL'UOMO. LA COSCIENZA E L'INDIVIDUO. LA LEGGE DELLA VITA. LA LEGGE MORALE. IL BENE E IL MALE.  aSocietà San Paolo EM - Piazza San Paolo, 14 - 12051 ALBA (CN) (non commercial uses only) ® Copyright 2017 aBIBLIOTECA CAN. CHIESA. LA LEGGE DEL BENE. PIACERE E BESTIA. PIACERE E L'UOMO. IL PIACERE E LA SPECIE UMANA. LA LEGGE DELL'UOMO. LA COSCIENZA E L'INDIVIDUO. LA LEGGE DELLA VITA. LA LEGGE MORALE. IL BENE E IL MALE.  aALTRI SISTEMI E DOTTRINE FILOSOFICHE